000 00305nam a2200121Ia 4500
005 20251222144853.0
008 251222s9999||||xx |||||||||||||| ||spa||
082 _a726.185/T72
100 _aTord, Luis Enrique
245 0 _aTemplos Coloniales del Colca-Arequipa
264 _bPapelera Atlas
942 _cLIB
999 _c21681
_d21681